000 00359nam a2200145Ia 4500
003 OSt
008 191201s2014 xx 000 0 und d
100 _aGARG, SK
245 0 _aIrrigation Engineering and Hydraulic Structures Vol II
250 _aRev
260 _aN. Delhi
_bKhanna Publisher
_c2014
300 _a1265
650 _aB.Tech(CE)
942 _2ddc
_cBK
999 _c5830
_d5830